000 005340000a22001930004500
003 LK-CoMWRAF
005 20230829130431.0
008 230817t1996 ||||| |||| 00| 0 eng d
020 _a8170031931
040 _aLK-CoMWRAF
_dLK-CoMWRAF
_eLK-CoMWRAF
041 _aeng
082 _a297
_bROY
100 _aRoy, Asim
245 _aIslam in South Asia:
_ba regional perspective
260 _aNew Delhi:
_bSouth Asian publishers,
_c1996
300 _aviii, 223 p. ; 23 cm.
_bIndex included
650 _aISLAM-South Asia.
942 _cBK
999 _c2858
_d2858